[Event "COL-ch U2000"]
[Site "Pereira"]
[Date "2022.02.17"]
[Round "3"]
[White "Chaux, Oscar Orlando"]
[Black "Atehortua, Jorge Hernando"]
[Result "1/2-1/2"]
[WhiteElo "1894"]
[BlackElo "1772"]
[PlyCount "59"]
[EventDate "2022.02.16"]
[EventType "swiss"]
[EventRounds "9"]
[EventCountry "COL"]
[SourceTitle "CBM 207 Extra"]
[Source "ChessBase"]
[SourceDate "2022.05.31"]
[SourceVersion "1"]
[SourceVersionDate "2022.05.31"]
[SourceQuality "1"]

1. d4 Nf6 2. g3 e6 3. Bg2 d5 4. Nf3 Be7 5. 0-0 c5 6. dxc5 Bxc5 7. c4 0-0 8. Nc3 Nc6 9. cxd5 Nxd5 10. Na4 Be7 11. e4 Nb6 12. Nxb6 Qxb6 13. Qe2 Bd7 14. Rd1 Rfd8 15. Be3 Qa5 16. a3 Be8 17. h3 a6 18. Qc4 Rac8 19. Qb3 Rxd1+ 20. Rxd1 b5 21. Kh2 h6 22. Bf1 Rd8 23. Be2 Rxd1 24. Qxd1 b4 25. axb4 Bxb4 26. Qd3 Nb8 27. Nd4 Qc7 28. Qc4 Qxc4 29. Bxc4 Bc5 30. Bf4 1/2-1/2

[Event "COL-ch U2000"]
[Site "Pereira"]
[Date "2019.03.25"]
[Round "9"]
[White "Acosta Cruz, Luis Ivan"]
[Black "Atehortua, Jorge Hernando"]
[Result "1/2-1/2"]
[WhiteElo "1776"]
[BlackElo "1848"]
[PlyCount "71"]
[EventDate "2019.03.21"]
[EventType "swiss"]
[EventRounds "9"]
[EventCountry "COL"]
[SourceTitle "CBM 189 Extra"]
[Source "ChessBase"]
[SourceDate "2019.06.03"]
[SourceVersion "1"]
[SourceVersionDate "2019.06.03"]
[SourceQuality "1"]

1. d4 Nf6 2. e3 e6 3. Nf3 d5 4. Bd3 Be7 5. 0-0 0-0 6. Nbd2 c5 7. c3 a6 8. Qe2 Nc6 9. a3 c4 10. Bc2 b5 11. e4 dxe4 12. Nxe4 Nd5 13. Bd2 Re8 14. Rae1 Qc7 15. Neg5 h6 16. Ne4 Nf4 17. Qe3 Ng6 18. Ng3 e5 19. Bxg6 fxg6 20. Nxe5 Bg5 21. f4 Bh4 22. Qf3 Bb7 23. Qg4 Nxe5 24. Rxe5 Rxe5 25. fxe5 Qc6 26. Qe2 Re8 27. Bf4 Rf8 28. Bd2 Re8 29. Qf2 Qd5 30. Be3 Bc6 31. Qc2 Bxg3 32. hxg3 g5 33. Qf2 Bb7 34. Bc1 Bc6 35. Bd2 Bb7 36. Bc1 1/2-1/2

[Event "COL-ch U2000"]
[Site "Pereira"]
[Date "2019.03.24"]
[Round "7"]
[White "Ortega Leon, Jaime"]
[Black "Atehortua, Jorge Hernando"]
[Result "0-1"]
[WhiteElo "1705"]
[BlackElo "1848"]
[PlyCount "60"]
[EventDate "2019.03.21"]
[EventType "swiss"]
[EventRounds "9"]
[EventCountry "COL"]
[SourceTitle "CBM 189 Extra"]
[Source "ChessBase"]
[SourceDate "2019.06.03"]
[SourceVersion "1"]
[SourceVersionDate "2019.06.03"]
[SourceQuality "1"]

1. e4 c5 2. d3 Nc6 3. Be3 d6 4. Nf3 g6 5. Be2 Bg7 6. c3 Nf6 7. 0-0 a6 8. h3 b5 9. Nbd2 Qc7 10. Re1 0-0 11. Nf1 Bb7 12. Qd2 Rad8 13. Bh6 d5 14. Bxg7 Kxg7 15. Qc2 dxe4 16. dxe4 Rd7 17. Red1 Rfd8 18. Ng3 Ne5 19. Rxd7 Rxd7 20. Rd1 Rxd1+ 21. Bxd1 h5 22. a3 Nfd7 23. Ng5 c4 24. Be2 Nc5 25. Nf3 Ned3 26. Nd2 Qf4 27. Bf3 Nxf2 28. Kxf2 Nd3+ 29. Kg1 Qxg3 30. b3 Qe1+ 0-1

[Event "COL-ch U2000"]
[Site "Medellin"]
[Date "2016.??.??"]
[Round "2.27"]
[White "Rivera, Cristian Fernando"]
[Black "Atehortua, Jorge Hernando"]
[Result "0-1"]
[WhiteElo "1734"]
[BlackElo "1889"]
[PlyCount "42"]
[EventDate "2016.02.29"]
[EventType "swiss"]
[EventRounds "9"]
[EventCountry "COL"]
[SourceTitle "EXT 2024"]
[Source "ChessBase"]
[SourceDate "2023.10.10"]
[SourceVersion "1"]
[SourceVersionDate "2023.10.10"]
[SourceQuality "1"]

1. d4 Nf6 2. c4 e6 3. Nf3 d5 4. Bg5 Be7 5. e3 Nbd7 6. Nc3 0-0 7. h3 Re8 8. Rc1 c6 9. a3 a5 10. Ne5 h6 11. Bf4 Nf8 12. Bd3 dxc4 13. Bxc4 Nd5 14. Qh5 Nxf4 15. Qxf7+ Kh7 16. exf4 Bf6 17. Bd3+ Kh8 18. 0-0 Bxe5 19. fxe5 Re7 20. Qf4 b6 21. Ne4 Ba6 0-1

[Event "Risarald op"]
[Site "Risarald"]
[Date "2015.06.14"]
[Round "5"]
[White "Atehortua, Jorge Hernando"]
[Black "Collazos, Valentina"]
[Result "1-0"]
[WhiteElo "1889"]
[BlackElo "1470"]
[PlyCount "51"]
[EventDate "2015.06.12"]
[EventType "swiss"]
[EventRounds "7"]
[EventCountry "COL"]
[SourceTitle "CBM 167 Extra"]
[Source "ChessBase"]
[SourceDate "2015.09.14"]
[SourceVersion "1"]
[SourceVersionDate "2015.09.14"]
[SourceQuality "1"]

1. e4 c5 2. Nf3 e6 3. d4 cxd4 4. Nxd4 a6 5. Bc4 Qc7 6. Bb3 Nf6 7. Nc3 Bb4 8. Qd3 b5 9. Bd2 Bxc3 10. Bxc3 Bb7 11. f3 e5 12. Ne2 0-0 13. Bb4 Rd8 14. Bd6 Qb6 15. Bxe5 Ne8 16. Bd4 Qc7 17. Qe3 Rc8 18. Bb6 Qd6 19. Rd1 Qf8 20. 0-0 Nf6 21. e5 Nh5 22. g4 Nf6 23. exf6 Re8 24. fxg7 Rxe3 25. gxf8Q+ Kxf8 26. Bxe3 1-0

[Event "Risarald op"]
[Site "Risarald"]
[Date "2015.06.13"]
[Round "2"]
[White "Marin Ortiz, Orlando"]
[Black "Atehortua, Jorge Hernando"]
[Result "1-0"]
[WhiteElo "1913"]
[BlackElo "1889"]
[PlyCount "83"]
[EventDate "2015.06.12"]
[EventType "swiss"]
[EventRounds "7"]
[EventCountry "COL"]
[SourceTitle "CBM 167 Extra"]
[Source "ChessBase"]
[SourceDate "2015.09.14"]
[SourceVersion "1"]
[SourceVersionDate "2015.09.14"]
[SourceQuality "1"]

1. e4 c5 2. Nc3 Nc6 3. f4 e6 4. Nf3 d5 5. e5 Bd7 6. Be2 Nge7 7. 0-0 Nd4 8. d3 Nec6 9. a3 Be7 10. Qd2 0-0 11. Bd1 Rc8 12. Ne2 Nf5 13. g4 Nfd4 14. Ng3 Nxf3+ 15. Bxf3 Nd4 16. Bg2 Qb6 17. Kh1 c4 18. Ne2 Rc7 19. Nc3 Rfc8 20. Qf2 Qa6 21. f5 Bc5 22. Be3 Nxc2 23. Bxc5 Nxa1 24. Bd6 Rc6 25. fxe6 Bxe6 26. Nxd5 Rxd6 27. Ne7+ Kf8 28. exd6 Rd8 29. Rxa1 Qxd6 30. Nf5 Qxd3 31. Rf1 b6 32. Ne3 Qd2 33. Kg1 Qxf2+ 34. Rxf2 Rd3 35. Re2 g6 36. Kf2 Ke7 37. Nxc4 Kf6 38. Ne3 Kg5 39. Bf3 Kf4 40. h4 Bxg4 41. Ng2+ Kf5 42. Be4+ 1-0

[Event "Coliseo Menor op"]
[Site "Coliseo Menor"]
[Date "2011.12.17"]
[Round "7"]
[White "Torres, Saulo de Jesus"]
[Black "Atehortua, Jorge Hernando"]
[Result "0-1"]
[WhiteElo "1912"]
[BlackElo "1630"]
[PlyCount "54"]
[EventDate "2011.11.29"]
[EventType "swiss"]
[EventRounds "7"]
[EventCountry "COL"]
[SourceTitle "CBM 145 Extra"]
[Source "ChessBase"]
[SourceDate "2012.01.03"]
[SourceVersion "1"]
[SourceVersionDate "2012.01.03"]
[SourceQuality "1"]

1. e4 c5 2. Nc3 Nf6 3. e5 Ng8 4. Bc4 Nc6 5. f4 e6 6. Nf3 d5 7. exd6 Bxd6 8. d3 a6 9. Ne4 Be7 10. Be3 b5 11. Bb3 Nd4 12. 0-0 Nf6 13. Bxd4 cxd4 14. Ne5 Bb7 15. Qe2 0-0 16. f5 exf5 17. Rxf5 Nxe4 18. Nxf7 Qb6 19. Nd6+ Kh8 20. Rxf8+ Rxf8 21. Nxb7 Qf6 22. dxe4 d3 23. cxd3 Qb6+ 24. Kh1 Rf2 25. Rc1 Rxe2 26. h3 Qxb7 27. Be6 g6 0-1

[Event "Coliseo Menor op"]
[Site "Coliseo Menor"]
[Date "2011.12.15"]
[Round "5"]
[White "Atehortua, Jorge Hernando"]
[Black "Lotero, Juan Camilo"]
[Result "0-1"]
[WhiteElo "1630"]
[BlackElo "2149"]
[PlyCount "56"]
[EventDate "2011.11.29"]
[EventType "swiss"]
[EventRounds "7"]
[EventCountry "COL"]
[SourceTitle "CBM 145 Extra"]
[Source "ChessBase"]
[SourceDate "2012.01.03"]
[SourceVersion "1"]
[SourceVersionDate "2012.01.03"]
[SourceQuality "1"]

1. e4 c5 2. Nf3 e6 3. d4 cxd4 4. Nxd4 Nc6 5. Nc3 Qc7 6. Be2 a6 7. Be3 Nf6 8. 0-0 Bb4 9. f3 Ne5 10. Nb1 Nc4 11. Bxc4 Qxc4 12. Nd2 Qc7 13. N2b3 0-0 14. Qd3 d5 15. Nd2 b6 16. e5 Nd7 17. f4 Nc5 18. Qe2 Na4 19. c3 Be7 20. N2f3 Bd7 21. Rac1 b5 22. Kh1 Rac8 23. g4 Qc4 24. Qxc4 bxc4 25. Rf2 Nc5 26. Ne1 a5 27. Kg2 Rb8 28. Kg3 Ne4+ 0-1

[Event "Coliseo Menor op"]
[Site "Coliseo Menor"]
[Date "2011.11.30"]
[Round "2"]
[White "Atehortua, Jorge Hernando"]
[Black "Franco, Juan Manuel"]
[Result "1-0"]
[WhiteElo "1630"]
[BlackElo "1287"]
[PlyCount "21"]
[EventDate "2011.11.29"]
[EventType "swiss"]
[EventRounds "7"]
[EventCountry "COL"]
[SourceTitle "CBM 145 Extra"]
[Source "ChessBase"]
[SourceDate "2012.01.03"]
[SourceVersion "1"]
[SourceVersionDate "2012.01.03"]
[SourceQuality "1"]

1. e4 e5 2. f4 f6 3. fxe5 fxe5 4. Qh5+ Ke7 5. Qxe5+ Kf7 6. Bc4+ Kg6 7. Qf5+ Kh6 8. d4+ g5 9. h4 Kg7 10. Qf7+ Kh6 11. hxg5# 1-0

[Event "Cali op-C"]
[Site "Cali"]
[Date "2008.12.26"]
[Round "1"]
[White "Atehortua, Jorge Hernando"]
[Black "Mosquera, Javier"]
[Result "1-0"]
[WhiteElo "1600"]
[BlackElo "1600"]
[PlyCount "85"]
[EventDate "2008.12.26"]
[EventType "swiss"]
[EventRounds "9"]
[EventCountry "COL"]
[SourceTitle "EXT 2011"]
[Source "ChessBase"]
[SourceDate "2010.11.26"]
[SourceVersion "1"]
[SourceVersionDate "2010.11.26"]
[SourceQuality "1"]

1. e4 d6 2. Nf3 e5 3. Bc4 Nf6 4. Nc3 Be7 5. 0-0 0-0 6. d3 Nc6 7. Be3 Na5 8. Bb3 Nxb3 9. axb3 b6 10. h3 Bb7 11. Qd2 Re8 12. Qe2 Bf8 13. Nd2 d5 14. exd5 Nxd5 15. Nxd5 Qxd5 16. f3 Bc5 17. c4 Bxe3+ 18. Qxe3 Qd4 19. Qxd4 exd4 20. Rfe1 a5 21. Kf2 c5 22. Ne4 Bxe4 23. Rxe4 Rxe4 24. fxe4 Re8 25. Re1 Re5 26. g4 g6 27. Kg3 g5 28. Rf1 Kg7 29. h4 h6 30. hxg5 hxg5 31. Rf5 Rxf5 32. gxf5 Kf6 33. Kg4 Ke5 34. Kxg5 f6+ 35. Kg6 Kf4 36. Kxf6 Ke3 37. Ke5 Kxd3 38. f6 Ke2 39. f7 d3 40. f8Q d2 41. Qd6 d1Q 42. Qxd1+ Kxd1 43. Kd5 1-0